| 000 | 00808cam a2200241 i 4500 | ||
|---|---|---|---|
| 999 |
_c10375 _d10375 |
||
| 003 | OSt | ||
| 005 | 20220315180132.0 | ||
| 008 | 160715s2017 nyua 001 0 eng | ||
| 010 | _a 2016032729 | ||
| 020 |
_a9781616895600 _q(softcover) |
||
| 042 | _apcc | ||
| 050 | 0 | 0 |
_aTA403.6 _b.T153 2017 |
| 082 | 0 | 0 |
_a620.1/1 _223 |
| 100 | 1 |
_aBrownell, Blaine Erickson, _d1970- _eauthor. |
|
| 245 | 1 | 0 |
_aTransmaterial next : _ba catalog of materials that redefine our future / _cedited by Blaine Brownell. |
| 250 | _aFirst edition. | ||
| 300 |
_a314 pages : _bcolor illustrations ; _c23 cm |
||
| 504 | _aIncludes bibliographical references and indexes. | ||
| 650 | 0 |
_aMaterials _xTechnological innovations. |
|
| 650 | 0 |
_aMaterials _vCatalogs. |
|
| 700 | 1 |
_aBrownell, Blaine Erickson, _d1970- _eeditor. |
|
| 942 | _2ddc | ||